[Event "PRO League KO Stage 2019"]
[Site "chess.com INT"]
[Date "2019.05.04"]
[Round "3"]
[White "Li, Chao b"]
[Black "Kollars, Dmitrij"]
[Result "1/2-1/2"]
[WhiteTitle "GM"]
[BlackTitle "GM"]
[WhiteElo "2699"]
[BlackElo "2564"]
[WhiteTeam "Chengdu Pandas"]
[BlackTeam "Baden-Baden Snowballs"]
[WhiteFideId "8604436"]
[BlackFideId "12909572"]
[EventDate "2019.03.19"]

1. d4 d5 2. c4 c6 3. cxd5 cxd5 4. Bf4 Nc6 5. e3 Nf6 6. Nc3 Bg4 7. Qb3 Na5 8.
Bb5+ Bd7 9. Qd1 e6 10. Bd3 Rc8 11. Nf3 Nc4 12. Qe2 Bb4 13. Bxc4 Rxc4 14. O-O O-O
15. Ne5 Rc8 16. Bg5 Be7 17. Rfc1 h6 18. Bh4 a6 19. Rc2 Ne4 20. Nxe4 Rxc2 21.
Qxc2 Bxh4 22. Nc5 Bc8 23. Rc1 Qd6 24. Ncd3 Be7 25. a4 Qb6 26. Qc3 a5 27. Nc5 Rd8
28. f4 Bxc5 29. dxc5 Qc7 30. c6 f6 31. cxb7 Qxc3 32. Rxc3 Bxb7 33. Nf3 Rd6 34.
Nd4 Rb6 35. b3 e5 36. fxe5 fxe5 37. Nf3 d4 38. exd4 Bxf3 39. Rxf3 exd4 40. Kf2
Rc6 41. Rd3 Rc2+ 42. Kf3 Kf7 43. h3 Ke6 44. Ke4 Rxg2 45. Kxd4 Kd6 46. Kc4+ Kc6
47. Re3 Rc2+ 48. Kd4 Rd2+ 49. Kc3 Rh2 50. b4 axb4+ 51. Kxb4 h5 52. Re6+ Kd5 53.
Rg6 Rxh3 54. a5 Rh1 55. a6 Ra1 56. Kb5 h4 57. Rxg7 h3 58. Rh7 Rb1+ 59. Ka5 Ra1+
60. Kb6 Rb1+ 61. Kc7 Rc1+ 62. Kb8 Rb1+ 63. Kc8 Rc1+ 64. Kb8 Rb1+ 65. Ka8 Rb3 66.
a7 Ke5 67. Rh8 Kf4 68. Rxh3 Rxh3 69. Kb7 Rh7+ 70. Kb8 Rxa7 71. Kxa7 1/2-1/2

[Event "PRO League KO Stage 2019"]
[Site "chess.com INT"]
[Date "2019.05.04"]
[Round "3"]
[White "Wang, Yue"]
[Black "Agrest, Inna"]
[Result "1-0"]
[WhiteTitle "GM"]
[BlackTitle "WIM"]
[WhiteElo "2684"]
[BlackElo "2265"]
[WhiteTeam "Chengdu Pandas"]
[BlackTeam "Baden-Baden Snowballs"]
[WhiteFideId "8601429"]
[BlackFideId "1708830"]
[EventDate "2019.03.19"]

1. b3 e5 2. Bb2 Nc6 3. e3 Nf6 4. Bb5 d6 5. Nf3 Be7 6. d4 e4 7. Nfd2 O-O 8. Be2
d5 9. c4 Nb4 10. a3 Na6 11. cxd5 Qxd5 12. Nc3 Qf5 13. Qc2 Qg6 14. Ndxe4 Qxg2 15.
O-O-O Nxe4 16. Nxe4 Bf5 17. Nf6+ Bxf6 18. Qxf5 Qc6+ 19. Kb1 Qb6 20. h4 c5 21.
Bd3 g6 22. dxc5 gxf5 23. cxb6 Bxb2 24. Kxb2 axb6 25. Bxf5 Rad8 26. b4 Nc7 27.
Be4 f5 28. Rhg1+ Kh8 29. Bxb7 f4 30. e4 f3 31. a4 Ne6 32. Rxd8 Rxd8 33. Bd5 Nf4
34. Rg3 Nxd5 35. exd5 Rxd5 36. Rxf3 Rd4 37. Kc3 Rxh4 38. Rf6 Kg7 39. Rxb6 Rf4
40. a5 Rxf2 41. a6 Ra2 42. Kb3 Ra1 43. b5 h5 44. Rd6 Rb1+ 45. Kc4 Ra1 46. Kc5 h4
47. Rd4 h3 48. Rh4 Ra3 49. Kb4 Ra1 50. Rxh3 Kf6 51. Ra3 1-0

[Event "PRO League KO Stage 2019"]
[Site "chess.com INT"]
[Date "2019.05.04"]
[Round "3"]
[White "Donchenko, Alexander"]
[Black "Zhang, Di"]
[Result "1-0"]
[WhiteTitle "GM"]
[WhiteElo "2593"]
[BlackElo "1966"]
[WhiteTeam "Baden-Baden Snowballs"]
[BlackTeam "Chengdu Pandas"]
[WhiteFideId "24603295"]
[BlackFideId "8616590"]
[EventDate "2019.03.19"]

1. d4 Nf6 2. c4 e6 3. Nc3 Bb4 4. e3 O-O 5. Bd3 b6 6. Ne2 Bb7 7. a3 Bxc3+ 8. Nxc3
d5 9. cxd5 Nxd5 10. O-O c5 11. Qg4 Nc6 12. Nxd5 Qxd5 13. Be4 Qd7 14. Qh4 f5 15.
Bf3 cxd4 16. exd4 Ne7 17. Bxb7 Qxb7 18. Re1 Qd7 19. Bd2 Nd5 20. Qg3 Rac8 21. Re2
Nf6 22. Qb3 Rc6 23. Rae1 Kf7 24. Bf4 Rfc8 25. Be5 Nd5 26. Qg3 Kg8 27. h4 Rc2 28.
Qd3 Rxe2 29. Qxe2 Qc6 30. Qf3 Nf6 31. Qe2 Kf7 32. Bxf6 Kxf6 33. Qh5 h6 34. Re3
Qc1+ 35. Kh2 Rc7 36. d5 e5 37. d6 Rf7 38. Rg3 Ke6 39. d7 Rxd7 40. Qe8+ Re7 41.
Rg6+ Kd5 42. Qxe7 Qf4+ 43. Rg3 Qxf2 44. Qd7+ Kc5 45. Rc3# 1-0

[Event "PRO League KO Stage 2019"]
[Site "chess.com INT"]
[Date "2019.05.04"]
[Round "3"]
[White "Meier, Georg"]
[Black "Zhao, Jun"]
[Result "1/2-1/2"]
[WhiteTitle "GM"]
[BlackTitle "GM"]
[WhiteElo "2621"]
[BlackElo "2627"]
[WhiteTeam "Baden-Baden Snowballs"]
[BlackTeam "Chengdu Pandas"]
[WhiteFideId "4675789"]
[BlackFideId "8602522"]
[EventDate "2019.03.19"]

1. Nf3 Nf6 2. g3 b6 3. Bg2 Bb7 4. c4 e6 5. O-O Be7 6. Nc3 O-O 7. b3 d5 8. cxd5
Nxd5 9. Bb2 c5 10. Qc2 Nd7 11. Rac1 Rc8 12. Rfd1 Nxc3 13. Bxc3 Bxf3 14. Bxf3 Bf6
15. Qe4 Bxc3 16. dxc3 Qc7 17. Qb7 Ne5 18. Bg2 Qxb7 19. Bxb7 Rb8 20. Ba6 Rfd8 21.
f4 Ng4 22. h3 Nf6 23. Rd3 Kf8 24. Kg2 Ke7 25. a4 h6 26. Kf3 g5 27. Rcd1 gxf4 28.
gxf4 Rxd3+ 29. Rxd3 Rg8 30. Bb5 h5 31. Bc6 Rc8 32. Bb5 Rg8 33. Bc6 Rc8 34. Bb5
h4 35. Bc4 Rg8 36. Re3 Nh5 37. Ke4 Ng3+ 38. Kf3 Nh5 39. Ke4 Ng3+ 40. Kf3 Nf5 41.
Rd3 Nd6 42. Re3 Rg1 43. Bd3 Kf6 44. Kf2 Rc1 45. c4 Rc3 46. Bb1 Rc1 47. Bd3 Rc3
48. Bb1 Rc1 49. Bd3 Rc3 50. Bb1 Rc1 1/2-1/2

[Event "PRO League KO Stage 2019"]
[Site "chess.com INT"]
[Date "2019.05.04"]
[Round "3"]
[White "Li, Chao b"]
[Black "Donchenko, Alexander"]
[Result "0-1"]
[WhiteTitle "GM"]
[BlackTitle "GM"]
[WhiteElo "2699"]
[BlackElo "2593"]
[WhiteTeam "Chengdu Pandas"]
[BlackTeam "Baden-Baden Snowballs"]
[WhiteFideId "8604436"]
[BlackFideId "24603295"]
[EventDate "2019.03.19"]

1. d4 Nf6 2. c4 e6 3. Nc3 Bb4 4. Nf3 c5 5. e3 O-O 6. Bd3 b6 7. O-O Bb7 8. Na4
cxd4 9. exd4 Re8 10. a3 Bf8 11. b4 a5 12. b5 d6 13. Bg5 Nbd7 14. Re1 h6 15. Bh4
Rc8 16. Nd2 d5 17. Bf1 Be7 18. Bg3 dxc4 19. Nxc4 Bd5 20. Ne3 Bb7 21. f3 Nh5 22.
Bf2 Nf4 23. Nc4 Bf8 24. Ne5 Nd5 25. Qb3 Qe7 26. Bc4 Rc7 27. Nc6 Rxc6 28. bxc6
Bxc6 29. Bb5 Bxb5 30. Qxb5 Rc8 31. Bg3 h5 32. h4 g6 33. Kh2 Rc2 34. Qb3 Rc8 35.
Qb5 Rc2 36. Re2 Rc8 37. Rae1 Qd8 38. Qd3 Kh7 39. Rc2 Rxc2 40. Qxc2 Bd6 41. Kh3
Bxg3 42. Kxg3 Qb8+ 43. Kf2 Qh2 44. Kf1 Qh1+ 45. Kf2 Qxh4+ 46. Kf1 Qxd4 47. Qe4
Qf6 48. Rb1 b5 49. Rxb5 Qa1+ 50. Kf2 Qa2+ 51. Kg1 Qxa3 52. Rb7 Qc1+ 53. Kh2 Qc8
54. Qb1 Nb4 55. Rb5 Qc6 56. Rxh5+ Kg8 57. Rh4 Qxa4 58. Qb2 e5 59. Qc1 Qc6 60.
Qh6 Qf6 61. Rc4 Nc6 62. Qc1 Ne7 63. Rc7 Qd6 64. Kh1 Kg7 65. Ra7 Nf6 66. Rxa5 Nf5
67. Qa1 e4 68. g4 Ng3+ 69. Kg2 exf3+ 70. Kxf3 Qd3+ 71. Kg2 Ne4 72. g5 Nxg5 73.
Qf1 Qe4+ 74. Kg1 Nf3+ 75. Kf2 Ng4+ 76. Kg3 Nge5 77. Qa1 Qg4+ 78. Kf2 Qf4 79. Kg2
Qh2+ 80. Kf1 Qg1+ 81. Ke2 Nd4+ 82. Kd2 Nb3+ 0-1

[Event "PRO League KO Stage 2019"]
[Site "chess.com INT"]
[Date "2019.05.04"]
[Round "3"]
[White "Kollars, Dmitrij"]
[Black "Zhang, Di"]
[Result "1-0"]
[WhiteTitle "GM"]
[WhiteElo "2564"]
[BlackElo "1966"]
[WhiteTeam "Baden-Baden Snowballs"]
[BlackTeam "Chengdu Pandas"]
[WhiteFideId "12909572"]
[BlackFideId "8616590"]
[EventDate "2019.03.19"]

1. c4 Nf6 2. Nc3 e6 3. e4 d6 4. d4 Nbd7 5. Nf3 Be7 6. Be2 O-O 7. O-O e5 8. h3 c6
9. Be3 Qc7 10. Qc2 Re8 11. Rfd1 Bf8 12. d5 Nb6 13. Rac1 Bd7 14. Nd2 Rac8 15. b4
cxd5 16. cxd5 Na4 17. Ndb1 b5 18. Qd2 Nxc3 19. Nxc3 Qb7 20. Bd3 Rc7 21. Ne2 Rec8
22. Rxc7 Rxc7 23. Nc1 Be7 24. Nb3 Bd8 25. Na5 Qb8 26. f4 exf4 27. Bxf4 Rc8 28.
Rc1 Rxc1+ 29. Qxc1 Bb6+ 30. Kh1 Qe8 31. Qc2 Nxd5 32. Bxd6 Ne3 33. Qe2 Qc8 34.
Nb3 Nc4 35. Bh2 Be6 36. e5 Bf5 37. Qf3 Bxd3 38. Qxd3 h6 39. Bf4 Qe6 40. Qe4 g5
41. Bg3 Kg7 42. Nc5 Qg6 43. Qe1 Qc6 44. Ne4 Ne3 45. Qb1 Nf5 46. Kh2 Qg6 47. Qf1
h5 48. Nd6 Nxg3 49. Kxg3 Bd4 50. Nf5+ Kh7 51. Nxd4 Kg7 52. Qf5 Qb6 53. Qxg5+ Kf8
54. Qf4 Qg6+ 55. Kh2 Qd3 56. e6 Qg6 57. Qxf7+ Qxf7 58. exf7 Kxf7 59. Nxb5 a6 60.
Nc7 1-0

[Event "PRO League KO Stage 2019"]
[Site "chess.com INT"]
[Date "2019.05.04"]
[Round "3"]
[White "Agrest, Inna"]
[Black "Zhao, Jun"]
[Result "0-1"]
[WhiteTitle "WIM"]
[BlackTitle "GM"]
[WhiteElo "2265"]
[BlackElo "2627"]
[WhiteTeam "Baden-Baden Snowballs"]
[BlackTeam "Chengdu Pandas"]
[WhiteFideId "1708830"]
[BlackFideId "8602522"]
[EventDate "2019.03.19"]

1. e4 Nf6 2. e5 Nd5 3. d4 d6 4. c4 Nb6 5. exd6 cxd6 6. Nc3 g6 7. Be3 Bg7 8. Rc1
O-O 9. b3 Bf5 10. Nf3 d5 11. c5 Nc8 12. Be2 Nc6 13. O-O Bg4 14. Ne1 Bxe2 15.
Nxe2 e6 16. Qd2 Re8 17. b4 N8e7 18. Nc2 Nf5 19. Rfd1 Nxe3 20. Nxe3 a6 21. a4 Bh6
22. f4 Bg7 23. Ng4 Qd7 24. Ra1 h5 25. Ne5 Qc7 26. Ra3 Ne7 27. Rda1 b6 28. a5
bxc5 29. bxc5 Reb8 30. Nc3 Rb4 31. Ne4 Rab8 32. Nd6 Nf5 33. Nxf5 exf5 34. h3 Rb2
35. Qd3 Bxe5 36. fxe5 Qc6 37. Qe3 R8b4 38. Rd1 Qb5 39. Rad3 Qc6 40. Qg5 R2b3 41.
Qe7 Kg7 42. Kh2 Rb5 43. R1d2 Rxd3 44. Rxd3 Rxa5 45. Re3 Qe6 46. Qc7 Ra4 47. Rd3
Rc4 48. Qb7 f4 49. Qb2 g5 50. Qd2 Qf5 51. Rb3 Rc2 52. Qb4 Qe4 0-1

[Event "PRO League KO Stage 2019"]
[Site "chess.com INT"]
[Date "2019.05.04"]
[Round "3"]
[White "Wang, Yue"]
[Black "Meier, Georg"]
[Result "1/2-1/2"]
[WhiteTitle "GM"]
[BlackTitle "GM"]
[WhiteElo "2684"]
[BlackElo "2621"]
[WhiteTeam "Chengdu Pandas"]
[BlackTeam "Baden-Baden Snowballs"]
[WhiteFideId "8601429"]
[BlackFideId "4675789"]
[EventDate "2019.03.19"]

1. c4 b6 2. Nf3 Bb7 3. g3 c5 4. Bg2 Nf6 5. Nc3 e6 6. O-O Be7 7. Re1 Ne4 8. Nxe4
Bxe4 9. d3 Bb7 10. e4 Nc6 11. a3 O-O 12. Rb1 Rc8 13. h4 h6 14. Bd2 a5 15. Bc3
Ba6 16. Nd2 b5 17. cxb5 Bxb5 18. Nc4 a4 19. Qg4 f6 20. Rbc1 Kh8 21. Qd1 Nd4 22.
Qg4 Rb8 23. Rcd1 Qe8 24. Rd2 Qf7 25. Bxd4 cxd4 26. e5 Bxc4 27. dxc4 Bc5 28. exf6
Qxf6 29. Be4 d3 30. Rf1 Rxb2 31. Rxb2 Qxb2 32. Qg6 Kg8 33. Qh7+ Kf7 34. Bxd3 Ke7
35. Bc2 Qd4 36. Qe4 Qd2 37. Kg2 Rxf2+ 38. Rxf2 Qxf2+ 39. Kh3 h5 40. Bxa4 Qf1+
41. Qg2 Qxc4 42. Bd1 g6 43. Bc2 Qg4+ 44. Kh2 Bd6 45. Qh3 Qe2+ 46. Qg2 Qxg2+ 47.
Kxg2 Kf6 48. Ba4 Ke7 49. Bc2 Kf6 50. Ba4 Ke7 51. Bc2 Kf6 52. Ba4 1/2-1/2

[Event "PRO League KO Stage 2019"]
[Site "chess.com INT"]
[Date "2019.05.04"]
[Round "3"]
[White "Meier, Georg"]
[Black "Li, Chao b"]
[Result "1/2-1/2"]
[WhiteTitle "GM"]
[BlackTitle "GM"]
[WhiteElo "2621"]
[BlackElo "2699"]
[WhiteTeam "Baden-Baden Snowballs"]
[BlackTeam "Chengdu Pandas"]
[WhiteFideId "4675789"]
[BlackFideId "8604436"]
[EventDate "2019.03.19"]

1. Nf3 Nf6 2. g3 g6 3. Bg2 Bg7 4. O-O d5 5. d4 O-O 6. c4 c5 7. dxc5 dxc4 8. Na3
c3 9. Nb5 Na6 10. Nxc3 Nxc5 11. Be3 Nce4 12. Nxe4 Nxe4 13. Bd4 Bxd4 14. Qxd4
Qxd4 15. Nxd4 Nd6 16. Rac1 Rd8 17. Rc5 Bd7 18. Rfc1 Rac8 19. f4 Rxc5 20. Rxc5
Rc8 21. Rxc8+ Bxc8 22. Kf2 Kf8 23. b3 e6 24. e4 f6 25. e5 fxe5 26. fxe5 Nf7 27.
Nf3 Bd7 28. Ke3 Bc6 29. Kd4 Ke7 30. Ne1 Nd8 31. Be4 Bxe4 32. Kxe4 Nc6 33. Nd3 b6
34. b4 b5 35. g4 g5 36. h3 h6 1/2-1/2

[Event "PRO League KO Stage 2019"]
[Site "chess.com INT"]
[Date "2019.05.04"]
[Round "3"]
[White "Zhao, Jun"]
[Black "Kollars, Dmitrij"]
[Result "1-0"]
[WhiteTitle "GM"]
[BlackTitle "GM"]
[WhiteElo "2627"]
[BlackElo "2564"]
[WhiteTeam "Chengdu Pandas"]
[BlackTeam "Baden-Baden Snowballs"]
[WhiteFideId "8602522"]
[BlackFideId "12909572"]
[EventDate "2019.03.19"]

1. e4 e5 2. Nf3 Nc6 3. Bb5 a6 4. Ba4 Nf6 5. d3 d6 6. c3 g6 7. O-O Bg7 8. Re1 O-O
9. Nbd2 b5 10. Bc2 Re8 11. a4 Bb7 12. b4 d5 13. Nb3 dxe4 14. dxe4 Nd7 15. Qe2
bxa4 16. Rxa4 Qe7 17. Be3 Nb6 18. Raa1 Bc8 19. Nfd2 Rd8 20. Nc5 a5 21. Qb5 Na7
22. Qxa5 Nc6 23. Qxa8 Nxa8 24. Rxa8 Be6 25. Rea1 h5 26. Nxe6 Qxe6 27. Bb3 Qe8
28. R8a6 Ne7 29. Nf3 Rd6 30. Ng5 Rxa6 31. Rxa6 Qc8 32. Bxf7+ Kh8 33. b5 c6 34.
Ra7 Bf6 35. b6 Bxg5 36. b7 Qg4 37. b8=Q+ Kh7 38. Bg8+ Kh6 39. Qf8# 1-0

[Event "PRO League KO Stage 2019"]
[Site "chess.com INT"]
[Date "2019.05.04"]
[Round "3"]
[White "Zhang, Di"]
[Black "Agrest, Inna"]
[Result "1-0"]
[BlackTitle "WIM"]
[WhiteElo "1966"]
[BlackElo "2265"]
[WhiteTeam "Chengdu Pandas"]
[BlackTeam "Baden-Baden Snowballs"]
[WhiteFideId "8616590"]
[BlackFideId "1708830"]
[EventDate "2019.03.19"]

1. d4 Nf6 2. c4 g6 3. Nc3 Bg7 4. e4 d6 5. Be2 O-O 6. Nf3 Na6 7. O-O e5 8. dxe5
dxe5 9. Qxd8 Rxd8 10. Bg5 Re8 11. Rfd1 c6 12. Rd6 Nh5 13. Rad1 Be6 14. g3 f6 15.
Be3 Bf8 16. R6d2 Ng7 17. a3 Bf7 18. Rd7 b6 19. b4 Be6 20. R7d2 Nc7 21. Ne1 Be7
22. f4 Bf7 23. Nf3 Bf8 24. Rd7 Nce6 25. fxe5 f5 26. exf5 Nxf5 27. Bf2 Bg7 28.
Ne4 Nf8 29. Rc7 Bxe5 30. Nxe5 Rxe5 31. Bf3 Ne6 32. Rxc6 Be8 33. Nf6+ Kf7 34.
Nxe8 Rxe8 35. g4 Ne7 36. Rcd6 Ng5 37. Kg2 Ne6 38. Kg3 h5 39. h3 h4+ 40. Kxh4 Ng5
41. Kg3 Rh8 42. Bg2 Ne4+ 43. Bxe4 Rxe4 44. Bd4 Re8 45. Rf1+ Kg8 46. Rd7 Re6 47.
Rf3 a5 48. bxa5 bxa5 49. c5 a4 50. Bc3 Rc8 51. Rd6 Rxd6 52. cxd6 Nd5 53. Ba5 1-0

[Event "PRO League KO Stage 2019"]
[Site "chess.com INT"]
[Date "2019.05.04"]
[Round "3"]
[White "Donchenko, Alexander"]
[Black "Wang, Yue"]
[Result "1-0"]
[WhiteTitle "GM"]
[BlackTitle "GM"]
[WhiteElo "2593"]
[BlackElo "2684"]
[WhiteTeam "Baden-Baden Snowballs"]
[BlackTeam "Chengdu Pandas"]
[WhiteFideId "24603295"]
[BlackFideId "8601429"]
[EventDate "2019.03.19"]

1. c4 e6 2. g3 d5 3. Bg2 d4 4. Nf3 c5 5. O-O Nc6 6. e3 Nf6 7. exd4 cxd4 8. d3
Bd6 9. Bg5 h6 10. Bxf6 Qxf6 11. Nbd2 Qd8 12. a3 a5 13. Ne4 Be7 14. Rc1 O-O 15.
Re1 e5 16. c5 Be6 17. Nfd2 f5 18. Nd6 Bxd6 19. cxd6 Qxd6 20. Nc4 Bxc4 21. Rxc4
Kh8 22. Qb3 e4 23. dxe4 Ne5 24. Rc2 f4 25. Qxb7 d3 26. Rd2 Rad8 27. Rc1 Qd4 28.
Qc7 fxg3 29. hxg3 a4 30. Qc5 Rfe8 31. Rc3 g5 32. Qxd4 Rxd4 33. f4 gxf4 34. gxf4
Ng6 35. Kf2 Nxf4 36. Ke3 Ne6 37. Rdxd3 Rxd3+ 38. Rxd3 Rb8 39. Bh3 Ng5 40. Bd7
Rxb2 41. Bxa4 Kg7 42. Bc6 Kf6 43. a4 Rc2 44. Bb5 Ne6 45. Ra3 Rh2 46. Bf1 Rh1 47.
Kf2 Nc5 48. Bg2 Rb1 49. a5 Rb2+ 50. Kg3 Na6 51. Bf1 Nc7 52. a6 Ke5 53. a7 Kxe4
54. Rc3 Na8 55. Bg2+ Kd4 56. Bxa8 Kxc3 57. Bd5 1-0

[Event "PRO League KO Stage 2019"]
[Site "chess.com INT"]
[Date "2019.05.04"]
[Round "3"]
[White "Sargsyan, Anna M."]
[Black "Caruana, Fabiano"]
[Result "0-1"]
[WhiteTitle "WFM"]
[BlackTitle "GM"]
[WhiteElo "2340"]
[BlackElo "2828"]
[WhiteTeam "Armenia Eagles"]
[BlackTeam "Saint Louis Arch Bishops"]
[WhiteFideId "13308130"]
[BlackFideId "2020009"]
[EventDate "2019.03.19"]

1. d4 Nf6 2. c4 Nc6 3. Nf3 e6 4. a3 g6 5. Nc3 Bg7 6. Bf4 d6 7. e3 O-O 8. Be2 h6
9. h3 b6 10. O-O Bb7 11. d5 Ne7 12. e4 e5 13. Be3 Bc8 14. Ne1 Ne8 15. b4 f5 16.
f3 Nf6 17. Nd3 g5 18. c5 Ng6 19. cxd6 cxd6 20. a4 Bd7 21. b5 Rc8 22. Rc1 Qe8 23.
Nb4 Nf4 24. Nc6 Kh8 25. Nxa7 Rxc3 26. Rxc3 fxe4 27. Bc4 exf3 28. Qxf3 g4 29.
hxg4 Nxg4 30. Bxf4 exf4 31. Nc6 Ne3 32. Rcc1 Bg4 33. Qf2 Nxf1 34. Rxf1 f3 35. g3
Qe4 36. Rc1 h5 37. Bf1 Re8 38. Kh2 Qxa4 39. Rc4 Qd1 40. Rf4 Re1 41. Kg1 Bh3 42.
Rxf3 Rxf1+ 43. Qxf1 Bxf1 44. Rxf1 Qxd5 0-1

[Event "PRO League KO Stage 2019"]
[Site "chess.com INT"]
[Date "2019.05.04"]
[Round "3"]
[White "Theodorou, Nikolas"]
[Black "Martirosyan, Haik M."]
[Result "0-1"]
[WhiteTitle "IM"]
[BlackTitle "GM"]
[WhiteElo "2551"]
[BlackElo "2616"]
[WhiteTeam "Saint Louis Arch Bishops"]
[BlackTeam "Armenia Eagles"]
[WhiteFideId "4262875"]
[BlackFideId "13306553"]
[EventDate "2019.03.19"]

1. d4 Nf6 2. c4 e6 3. g3 c5 4. Nf3 cxd4 5. Nxd4 Bb4+ 6. Bd2 Qb6 7. e3 Ne4 8. Bg2
Nxd2 9. Nxd2 O-O 10. O-O Be7 11. Qb3 Nc6 12. Qxb6 axb6 13. a3 Nxd4 14. exd4 Bf6
15. Nb3 d6 16. Rfd1 Rb8 17. a4 Bd7 18. a5 Rfc8 19. Rdc1 bxa5 20. Rxa5 g6 21. Ra7
Bc6 22. Rc3 Ra8 23. Rxa8 Rxa8 24. Bxc6 bxc6 25. Kg2 Ra4 26. Rc2 Kg7 27. Kf3 Rb4
28. Na5 Bxd4 29. Nxc6 Rb3+ 30. Kg2 Bxb2 31. Rd2 Ba3 32. Nd4 Rb6 33. Nb5 Bb4 34.
Rb2 Bc5 35. Rb3 Ra6 36. Nc3 f5 37. Rb7+ Kf6 38. Rb3 g5 39. h3 h5 40. Kf3 g4+ 41.
hxg4 hxg4+ 42. Ke2 Ra1 43. f3 gxf3+ 44. Kxf3 Rf1+ 45. Ke2 Rf2+ 46. Ke1 Rc2 47.
Kd1 Rg2 48. Ne2 e5 49. Kd2 e4 50. Rb8 Rh2 51. Rf8+ Ke6 52. Kd1 Be3 53. Re8+ Kf7
54. Rd8 Ke7 55. Rg8 Rh1+ 56. Kc2 Re1 57. Nc3 Kf7 58. Rd8 Bc5 59. Nd5 Rg1 60.
Rd7+ Kg6 61. Nf4+ Kf6 62. Nd5+ Ke5 63. Re7+ Kd4 64. Rf7 Kxc4 65. Rxf5 Rg2+ 66.
Kd1 Rxg3 67. Nf4 Rf3 68. Rf8 d5 69. Rf6 d4 0-1

[Event "PRO League KO Stage 2019"]
[Site "chess.com INT"]
[Date "2019.05.04"]
[Round "3"]
[White "Proleiko, Julian"]
[Black "Andriasian, Zaven"]
[Result "0-1"]
[BlackTitle "GM"]
[WhiteElo "2153"]
[BlackElo "2600"]
[WhiteTeam "Saint Louis Arch Bishops"]
[BlackTeam "Armenia Eagles"]
[WhiteFideId "30900255"]
[BlackFideId "13302000"]
[EventDate "2019.03.19"]

1. e4 c6 2. d4 d5 3. exd5 cxd5 4. Bd3 Nc6 5. c3 g6 6. Nf3 Nf6 7. O-O Bg7 8. h3
O-O 9. Bf4 Bf5 10. Re1 a6 11. Bxf5 gxf5 12. Nbd2 e6 13. Ne5 Nxe5 14. Bxe5 Kh8
15. Nf3 Rg8 16. Qb3 Qe7 17. Qb4 Qxb4 18. cxb4 Ne4 19. Rac1 Rac8 20. Bxg7+ Kxg7
21. Ne5 Nd6 22. Rc5 b6 23. Rcc1 Rgd8 24. g4 Kf6 25. Kg2 h6 26. b3 Nb5 27. Nd7+
Kg5 28. Ne5 Kf6 29. Nd7+ Ke7 30. Nxb6 Rb8 31. Na4 fxg4 32. hxg4 Rg8 33. f3 h5
34. Kh3 Nxd4 35. Re3 Nxf3 36. gxh5 Ng5+ 37. Kg2 Ne4+ 38. Kh2 Rg5 39. Rc7+ Kd6
40. Ra7 Rbg8 41. Rxa6+ Ke5 42. Nc5 Kf4 43. Nxe4 Rg2+ 44. Kh3 Kxe3 45. h6 R2g6 0-1

[Event "PRO League KO Stage 2019"]
[Site "chess.com INT"]
[Date "2019.05.04"]
[Round "3"]
[White "Sargsyan, Shant"]
[Black "Bok, Benjamin"]
[Result "1/2-1/2"]
[WhiteTitle "IM"]
[BlackTitle "GM"]
[WhiteElo "2488"]
[BlackElo "2638"]
[WhiteTeam "Armenia Eagles"]
[BlackTeam "Saint Louis Arch Bishops"]
[WhiteFideId "13306766"]
[BlackFideId "1017063"]
[EventDate "2019.03.19"]

1. Nf3 d5 2. d4 Nf6 3. c4 e6 4. Nc3 c6 5. Bg5 h6 6. Bxf6 Qxf6 7. e3 g6 8. Be2
Bg7 9. O-O O-O 10. Ne5 Nd7 11. f4 Qe7 12. Qb3 dxc4 13. Nxc4 b6 14. Bf3 Bb7 15.
Na5 bxa5 16. Qxb7 Rab8 17. Qxa7 Rfc8 18. Ne4 Kf8 19. Rac1 c5 20. dxc5 Ra8 21.
Nd6 Rxa7 22. Nxc8 Qd8 23. Nxa7 Qb8 24. Nc6 Qxb2 25. Rfd1 Qa3 26. Kh1 Bf6 27.
Nxa5 Nxc5 28. Nc4 Qxa2 29. Nd6 Qa3 30. Nc4 Qb3 31. Be2 Ne4 32. Kg1 Nc3 33. Re1
Kg7 34. Bf1 Ne4 35. Ne5 Bxe5 36. fxe5 Qb2 37. Bd3 Qxe5 38. Bxe4 Qxe4 1/2-1/2

[Event "PRO League KO Stage 2019"]
[Site "chess.com INT"]
[Date "2019.05.04"]
[Round "3"]
[White "Bok, Benjamin"]
[Black "Sargsyan, Anna M."]
[Result "1-0"]
[WhiteTitle "GM"]
[BlackTitle "WFM"]
[WhiteElo "2638"]
[BlackElo "2340"]
[WhiteTeam "Saint Louis Arch Bishops"]
[BlackTeam "Armenia Eagles"]
[WhiteFideId "1017063"]
[BlackFideId "13308130"]
[EventDate "2019.03.19"]

1. Nf3 d5 2. d4 Nf6 3. c4 c6 4. cxd5 cxd5 5. Nc3 Nc6 6. Bf4 Bf5 7. e3 e6 8. Qb3
Bb4 9. Ne5 Bxc3+ 10. bxc3 Nxe5 11. Bxe5 O-O 12. Rc1 Rc8 13. Be2 Qa5 14. f3 Rc6
15. O-O Rb6 16. Qd1 Rc8 17. c4 Rb2 18. cxd5 Rxc1 19. Qxc1 Rc2 20. Qe1 Qxa2 21.
Bxf6 gxf6 22. Qg3+ Bg6 23. Bd3 Rd2 24. Bxg6 hxg6 25. d6 Qd5 26. Rc1 e5 27. Rc8+
Kg7 28. Qh4 Rd1+ 29. Kf2 Qa2+ 30. Kg3 g5 31. Qh8+ Kg6 32. Rg8+ Kf5 33. Qh3+ 1-0

[Event "PRO League KO Stage 2019"]
[Site "chess.com INT"]
[Date "2019.05.04"]
[Round "3"]
[White "Andriasian, Zaven"]
[Black "Theodorou, Nikolas"]
[Result "1/2-1/2"]
[WhiteTitle "GM"]
[BlackTitle "IM"]
[WhiteElo "2600"]
[BlackElo "2551"]
[WhiteTeam "Armenia Eagles"]
[BlackTeam "Saint Louis Arch Bishops"]
[WhiteFideId "13302000"]
[BlackFideId "4262875"]
[EventDate "2019.03.19"]

1. e4 e5 2. Nf3 Nc6 3. Bc4 Nf6 4. d3 Bc5 5. Nbd2 a6 6. c3 Ba7 7. Bb3 O-O 8. O-O
h6 9. h3 d6 10. Re1 Be6 11. Bc2 Re8 12. Nf1 d5 13. exd5 Nxd5 14. Ng3 Qd6 15. Nh4
Rad8 16. Qf3 Bc8 17. Nhf5 Qf6 18. Bb3 Nf4 19. Bxf4 exf4 20. Qxf4 Kh8 21. d4 Ne7
22. Bc2 Nxf5 23. Nxf5 c5 24. d5 Bxf5 25. Qxf5 Rxe1+ 26. Rxe1 Qxf5 27. Bxf5 g6
28. Be4 Bb8 29. d6 b5 30. Bd5 Rxd6 31. c4 bxc4 32. Bxf7 Rd2 33. Bxc4 Rxb2 34. g3
g5 35. Re6 Kg7 36. Bb3 a5 37. Kg2 a4 38. Bxa4 Rxa2 39. Bb3 Rb2 40. Bc4 Rd2 1/2-1/2

[Event "PRO League KO Stage 2019"]
[Site "chess.com INT"]
[Date "2019.05.04"]
[Round "3"]
[White "Martirosyan, Haik M."]
[Black "Proleiko, Julian"]
[Result "1-0"]
[WhiteTitle "GM"]
[WhiteElo "2616"]
[BlackElo "2153"]
[WhiteTeam "Armenia Eagles"]
[BlackTeam "Saint Louis Arch Bishops"]
[WhiteFideId "13306553"]
[BlackFideId "30900255"]
[EventDate "2019.03.19"]

1. d4 Nf6 2. Nf3 d5 3. c4 e6 4. g3 Bb4+ 5. Bd2 Be7 6. Bg2 O-O 7. O-O Nbd7 8. Na3
c6 9. Rc1 Ne4 10. Be3 b6 11. cxd5 cxd5 12. Ne5 Nxe5 13. dxe5 Bb7 14. Nb5 Nc5 15.
f4 a6 16. Nd4 Rc8 17. f5 exf5 18. Nxf5 Bg5 19. Bxg5 Qxg5 20. h4 Qg4 21. Rf4 1-0